[Event "Wch U14 blitz"]
[Site "Batumi"]
[Date "2023.06.11"]
[Round "7"]
[White "Gogiashvili, Demetre"]
[Black "Kondakov, Konstantin"]
[Result "1-0"]
[WhiteElo "1331"]
[BlackElo "1834"]
[PlyCount "113"]
[EventDate "2023.06.10"]
[EventType "swiss (blitz)"]
[EventRounds "11"]
[EventCountry "GEO"]
[SourceTitle "EXT 2024"]
[Source "ChessBase"]
[SourceDate "2023.10.10"]
[SourceVersion "1"]
[SourceVersionDate "2023.10.10"]
[SourceQuality "1"]
[WhiteTeam "Georgia"]
[BlackTeam "Russia"]
[WhiteTeamCountry "GEO"]
[BlackTeamCountry "RUS"]

1. e4 d6 2. d4 Nf6 3. Nc3 c6 4. f3 Nbd7 5. Be3 e5 6. Qd2 Qa5 7. 0-0-0 Be7 8. Kb1 b5 9. d5 Bb7 10. dxc6 Bxc6 11. Nxb5 Qxd2 12. Rxd2 Bxb5 13. Bxb5 0-0 14. Ne2 a6 15. Bxd7 Nxd7 16. Nc3 Rab8 17. Nd5 Bd8 18. c3 Ba5 19. a3 Rfe8 20. Nb4 Bxb4 21. axb4 Rb7 22. Rxd6 Nb8 23. Rb6 Rd7 24. Kc2 Red8 25. Re1 f6 26. Re2 Kf7 27. Rd2 Rxd2+ 28. Bxd2 Ke7 29. Rb7+ Kf8 30. Be3 Rc8 31. Bc5+ Kg8 32. Bd6 Nc6 33. Rc7 Rxc7 34. Bxc7 Kf7 35. Bb6 Ke6 36. Be3 g6 37. Kb3 f5 38. Ka4 Kd6 39. b5 axb5+ 40. Kxb5 h5 41. b4 f4 42. Bf2 g5 43. Ka6 g4 44. b5 Nb8+ 45. Ka7 Nd7 46. b6 Kc6 47. b7 Kc7 48. Bb6+ Kc6 49. Ba5 Kb5 50. Bc7 Kc4 51. b8Q Nxb8 52. Kxb8 Kxc3 53. Bxe5+ Kd3 54. Bxf4 gxf3 55. gxf3 Ke2 56. e5 Kxf3 57. Bg3 1-0

[Event "Wch U12"]
[Site "Batumi"]
[Date "2022.09.24"]
[Round "8"]
[White "Khoury, Theo"]
[Black "Gogiashvili, Demetre"]
[Result "1-0"]
[WhiteElo "1813"]
[BlackElo "1183"]
[PlyCount "67"]
[EventDate "2022.09.16"]
[EventType "swiss"]
[EventRounds "11"]
[EventCountry "GEO"]
[SourceTitle "EXT 2023"]
[Source "ChessBase"]
[SourceDate "2022.10.05"]
[SourceVersion "1"]
[SourceVersionDate "2022.10.05"]
[SourceQuality "1"]

1. e4 c5 2. Nf3 e6 3. c3 Nf6 4. e5 Nd5 5. d4 cxd4 6. cxd4 d6 7. Bc4 Be7 8. 0-0 0-0 9. Qe2 Nc6 10. Qe4 Nb6 11. Bd3 g6 12. Bh6 Re8 13. Nc3 dxe5 14. dxe5 Qc7 15. Nb5 Qb8 16. Rfe1 a6 17. Nc3 Bd7 18. Qf4 Nb4 19. Ng5 Bxg5 20. Qxg5 Qd8 21. Qg3 Nxd3 22. Bg5 Qc7 23. Qxd3 Bc6 24. Rad1 Bd5 25. Qh3 Qc5 26. Rd3 Qf8 27. Rd4 f6 28. exf6 Qf7 29. Ne4 Bxe4 30. Rdxe4 Nd5 31. Rxe6 Rxe6 32. Qxe6 Qxe6 33. Rxe6 Kf7 34. Rd6 1-0

[Event "Wch U12"]
[Site "Batumi"]
[Date "2022.09.20"]
[Round "5"]
[White "Gogiashvili, Demetre"]
[Black "Lu, Yunong Elias"]
[Result "0-1"]
[WhiteElo "1183"]
[BlackElo "1836"]
[PlyCount "76"]
[EventDate "2022.09.16"]
[EventType "swiss"]
[EventRounds "11"]
[EventCountry "GEO"]
[SourceTitle "EXT 2023"]
[Source "ChessBase"]
[SourceDate "2022.10.05"]
[SourceVersion "1"]
[SourceVersionDate "2022.10.05"]
[SourceQuality "1"]

1. e4 e5 2. Nf3 Nc6 3. Bb5 a6 4. Ba4 Nf6 5. 0-0 Be7 6. Re1 b5 7. Bb3 d6 8. h3 0-0 9. c3 Nb8 10. d4 Nbd7 11. Nbd2 Bb7 12. Bc2 Re8 13. Nf1 Bf8 14. Ng3 g6 15. d5 Rc8 16. Be3 c6 17. dxc6 Rxc6 18. Qd2 Qc7 19. Bb3 Bg7 20. Rac1 a5 21. a4 bxa4 22. Bxa4 Ra6 23. Bh6 Rf8 24. Bxg7 Kxg7 25. Qg5 Kh8 26. Qh6 Ng8 27. Qh4 Ndf6 28. Ng5 Kg7 29. Bb3 h6 30. Nf3 a4 31. Bc2 a3 32. bxa3 Rxa3 33. Ne2 Ba6 34. Nd2 Bxe2 35. Rxe2 Rxc3 36. Nb1 g5 37. Qxg5+ hxg5 38. Nxc3 Qxc3 0-1